000 00450nam a2200181 a 4500
001 5893
003 CO-ViMGA
008 141112s2004 ck r 000 u spa d
040 _aCO-ViMGA
_bspa
_cCO-ViMGA
082 0 4 _a923.1 M174z
100 1 _aZweig, Stefan
_95177
245 1 0 _aMarĂ­a estuardo
250 _a10a
260 _aBarcelona :
_bJuventud,
_c1992
300 _a381 p : il
650 1 4 _aMARIA ESTUARDO 1542 - 1587
_949680
942 _2ddc
_cBK
999 _c17869
_d17869